000 00561nam a2200205 i 4500
001 bgj
100 1 _aALLSOP, Jake.
245 1 0 _aPenguin English Tests :
_bbook 5 [five] /
_cJake Allsop.
260 _aLondon :
_bPenguin English,
_c1991.
300 _a92 pp :
_bill. ;
_c24 cm.
505 _aIncludes key to tests.
650 9 _aEnglish language
655 _aExaminations, questions, etc.
020 _a0140809007 (pbk)
040 _cBPK
041 0 _aeng
920 _a0-14-080900-7 (pbk)
942 _cKS
008 s uk f |000 0 eng
999 _c47306
_d47306
856 _uhttp://koha.tu.koszalin.pl/cgi-bin/koha/opac-detail.pl?biblionumber=47306
_yKatalog online BPK